000 00235 a2200097 4500
001 42935
100 _aInayatullah
245 _aBureaucracy development in Pakistan
260 _aPeshawar
_bpak acad for rural
_c
090 _c26815
_d26815
942 _aNUST-CAE
_cM
_c18686
999 _c278008
_d278008